000 00395nam a2200169Ia 4500
008 221030s9999 xx 000 0 und d
020 _a812030621X
041 _aEnglish
082 _a105.23
_bTan
100 _aA. S. Tanenbaum
245 0 _aComputer Networks
_cby A. S. Tanenbaum
250 _a2nd
260 _bPHI
_aNew Delhi
_c1996
300 _a650
650 _aBE Computer
942 _cBK
999 _c6664
_d6664